Derecho de Daños. (y otros estudios)
Guardat en:
| Autor principal: | |
|---|---|
| Altres autors: | |
| Format: | Llibre |
| Publicat: |
Buenos Aires, Argentina:
La Ley,
1992.
|
| Matèries: | |
| Etiquetes: |
Afegir etiqueta
Sense etiquetes, Sigues el primer a etiquetar aquest registre!
|
MARC
| LEADER | 00000nam a22000007a 4500 | ||
|---|---|---|---|
| 003 | CL-VaPUC | ||
| 005 | 20231212164851.0 | ||
| 008 | 231128t1992 ||||| |||| 00| 0 eng d | ||
| 999 | |c 442629 |d 442627 | ||
| 020 | |a 950-527-103-4 | ||
| 040 | |c Pontificia Universidad Católica de Valparaíso | ||
| 082 | 0 | 4 | |2 21 |a 346.8203 ALT 1992 |
| 100 | 1 | |a Alterini, Atilio Aníbal |9 587645 |e autor | |
| 245 | 1 | 0 | |a Derecho de Daños. |b (y otros estudios) |
| 260 | |a Buenos Aires, Argentina: |b La Ley, |c 1992. | ||
| 300 | |a 396 páginas. | ||
| 500 | |a c.1 Donación Jorge López Santa María. Memo 48. 24-11-2023 | ||
| 583 | |c 20231128 |k Catalogador Asistente | ||
| 650 | 1 | |a Daños y perjuicios |x Legislación argentina |9 885932 | |
| 650 | 1 | |a Responsabilidad civil |x Argentina |9 886398 | |
| 650 | 1 | |a Derecho civil argentino |9 398477 | |
| 700 | |a López Cabana, Roberto Manuel |9 885298 |e autor | ||
| 942 | |2 ddc |c BK | ||
| 952 | |0 0 |1 0 |2 ddc |4 0 |6 346_820300000000000_ALT_1992 |7 0 |8 A |9 592695 |a BIBDER |b BIBDER |d 2023-11-28 |e Donación |i 5659698 |o 346.8203 ALT 1992 |p 5659698 |r 2023-11-28 |t 1 |w 2023-11-28 |y BK |k DER | ||